000
00287nam a22001337a 4500
008
170309b xxu||||| |||| 00| 0 eng d
020
_a
0721610641
041
_a
eng
080
_a
61
100
_a
4
101
_a
SHM
245
_a
HEMODYNAMIC MONITORING
_c
DAROVIC, G.O
942
_2
udc
_c
BK
999
_c
7387
_d
7387